[Event "Hradec Kralove Region-chT 0506"]
[Site "Czech Republic"]
[Date "2006.04.02"]
[Round "11.6"]
[White "Prazak, Pavel"]
[Black "Kos, Pavel"]
[Result "1/2-1/2"]
[WhiteElo "1817"]
[BlackElo "1831"]
[PlyCount "101"]
[EventDate "2005.10.23"]
[EventType "team-tourn"]
[EventRounds "11"]
[EventCountry "CZE"]
[SourceTitle "EXT 2024"]
[Source "ChessBase"]
[SourceDate "2023.10.10"]
[SourceVersion "1"]
[SourceVersionDate "2023.10.10"]
[SourceQuality "1"]
[WhiteTeam "Horice Jiskra"]
[BlackTeam "Lipa II"]
[WhiteTeamCountry "CZE"]
[BlackTeamCountry "CZE"]

1. e4 e5 2. Nf3 Nc6 3. Bb5 a6 4. Ba4 Nf6 5. 0-0 b5 6. Bb3 Be7 7. Re1 0-0 8. c3 d6 9. d4 Bg4 10. Bd5 Nxd5 11. exd5 Na5 12. dxe5 dxe5 13. Rxe5 Nc4 14. Re4 f5 15. Re1 Bd6 16. Qd3 Re8 17. Rxe8+ Qxe8 18. Nbd2 Qg6 19. b3 Nb6 20. Bb2 Re8 21. c4 bxc4 22. bxc4 Na4 23. Bd4 Nc5 24. Bxc5 Bxc5 25. Nb3 Qf6 26. Rb1 Bxf3 27. Qxf3 Qb2 28. Rf1 Bb4 29. g3 a5 30. Nc1 Bd2 31. Nb3 f4 32. Nxd2 Qxd2 33. Qb3 fxg3 34. hxg3 h5 35. c5 Kh8 36. Qc4 Re5 37. Rb1 Rxd5 38. Rb8+ Rd8 39. Rxd8+ Qxd8 40. Qa4 Qd2 41. Qe8+ Kh7 42. Qxh5+ Kg8 43. Qe8+ Kh7 44. Qe4+ Kh8 45. Qh4+ Kg8 46. Qc4+ Kh7 47. c6 Qe1+ 48. Kg2 Qe5 49. a4 Kg6 50. Qd3+ Kf6 51. Qc4 1/2-1/2

[Event "Hradec Kralove Region-chT 0506"]
[Site "Czech Republic"]
[Date "2006.03.05"]
[Round "9.7"]
[White "Kos, Pavel"]
[Black "Tsapanidis, Vasilis"]
[Result "1/2-1/2"]
[WhiteElo "1831"]
[BlackElo "1664"]
[PlyCount "42"]
[EventDate "2005.10.23"]
[EventType "team-tourn"]
[EventRounds "11"]
[EventCountry "CZE"]
[SourceTitle "EXT 2024"]
[Source "ChessBase"]
[SourceDate "2023.10.10"]
[SourceVersion "1"]
[SourceVersionDate "2023.10.10"]
[SourceQuality "1"]
[WhiteTeam "Horice Jiskra"]
[BlackTeam "Lipa III"]
[WhiteTeamCountry "CZE"]
[BlackTeamCountry "CZE"]

1. e4 e6 2. d4 d5 3. e5 c5 4. c3 cxd4 5. cxd4 Nc6 6. Nf3 Bd7 7. Nc3 a6 8. Be2 Rc8 9. 0-0 Nge7 10. Bg5 h6 11. Bh4 Qc7 12. Bd3 Nb4 13. Bb1 b5 14. Nd2 Qa7 15. Nb3 Nbc6 16. a3 Rc7 17. f4 b4 18. axb4 Nxb4 19. Bf2 Nc8 20. Bd3 Qb7 21. Be2 Be7 1/2-1/2

[Event "Hradec Kralove Region-chT 0506"]
[Site "Czech Republic"]
[Date "2005.10.23"]
[Round "1.8"]
[White "Hornicek, Jan"]
[Black "Kos, Pavel"]
[Result "1/2-1/2"]
[WhiteElo "1486"]
[BlackElo "1831"]
[PlyCount "73"]
[EventDate "2005.10.23"]
[EventType "team-tourn"]
[EventRounds "11"]
[EventCountry "CZE"]
[SourceTitle "EXT 2024"]
[Source "ChessBase"]
[SourceDate "2023.10.10"]
[SourceVersion "1"]
[SourceVersionDate "2023.10.10"]
[SourceQuality "1"]
[WhiteTeam "Rychnov nad Kneznou"]
[BlackTeam "Horice Jiskra"]
[WhiteTeamCountry "CZE"]
[BlackTeamCountry "CZE"]

1. e4 d6 2. d4 Nf6 3. Nc3 g6 4. Bf4 Bg7 5. Nf3 0-0 6. Qd2 c6 7. Bh6 b5 8. Bxg7 Kxg7 9. Bd3 Qc7 10. 0-0 e5 11. dxe5 dxe5 12. Qg5 Re8 13. Nd2 Nbd7 14. Rae1 Nc5 15. f4 h6 16. Qg3 Nh5 17. Qe3 Nxd3 18. cxd3 Nxf4 19. d4 Qb6 20. Nf3 f6 21. dxe5 fxe5 22. Nxe5 Nxg2 23. Rf7+ Kg8 24. Qxb6 axb6 25. Ref1 Bh3 26. Nxc6 Ne3 27. R1f3 Bg4 28. Ne7+ Rxe7 29. Rxe7 Bxf3 30. Kf2 Bxe4 31. Rxe4 Nc4 32. b3 b4 33. a4 bxc3 34. Rxc4 b5 35. Rxc3 bxa4 36. bxa4 Rxa4 37. Kg3 1/2-1/2